Normal view MARC view

Entry Uniform Title

Number of records used in: 2

001 - CONTROL NUMBER

  • control field: 50992

003 - CONTROL NUMBER IDENTIFIER

  • control field: dpl

005 - DATE AND TIME OF LATEST TRANSACTION

  • control field: 20120809160825.0

008 - FIXED-LENGTH DATA ELEMENTS

  • fixed length control field: 120809|||a|||||| | ||| d

040 ## - CATALOGING SOURCE

  • Original cataloging agency: dpl
  • Transcribing agency: dpl

130 ## - HEADING--UNIFORM TITLE

  • Uniform title: Patel memorial lectures-1969

670 ## - SOURCE DATA FOUND

  • Source citation: Work cat.: (dpl)6136: Saiyidain, K.G. 50991, Significance of Gandhi, 2005

670 ## - SOURCE DATA FOUND

  • Source citation: Work cat.: (dpl)6136: Saiyidain, K.G. 50991, Significance of Gandhi, 2005

© Delhi Public Library
Hit Counter
free hit counter